Dos prisiones en vuelo

Uloženo v:
Podrobná bibliografie
Hlavní autor: Archevald Zayas, Rosita (Autor)
Médium: Kniha
Jazyk:španělština
Vydáno: Ponce Guayacán 2006
Témata:
Tagy: Přidat tag
Žádné tagy, Buďte první, kdo vytvoří štítek k tomuto záznamu!

MARC

LEADER 00000cam a2200000 a 4500
001 UCF6820
003 CL-VaPUC
008 130524e20060000PR |||||||||||||||||spa|d
082 0 4 |a 862.7295  |b ARC  |2 21 
100 0 |a Archevald Zayas, Rosita  |e author  |9 568800 
245 1 0 |a Dos prisiones en vuelo 
300 |a 126 p 
942 |c BK 
945 |d 20130524 00:00:00  |a dcastane 
260 |a Ponce  |b Guayacán  |c 2006 
650 0 |a Teatro  |9 265385 
650 0 |a Drama  |9 265034 
651 7 |a PUERTO RICO  |2 CL-VaPUC  |9 254988 
583 |a last modification  |c 20130524 08:39:00  |k Rodrigo Vera 
999 |c 351875  |d 351873 
952 |0 0  |1 0  |4 0  |6 862_729500000000000_ARC_2006  |7 0  |8 A  |9 456272  |a BIBEDU  |b BIBEDU  |d 2019-11-22  |i 4972546  |o 862.7295 ARC 2006  |p 4972546  |r 2019-11-22  |w 2019-11-22  |y BK  |k LIT